000 01148nam a2200301Ia 4500
001 ebr10501380
003 CaPaEBR
006 m u
007 cr cn|||||||||
008 020409s2012 at s 001 0 eng d
020 _z9780730376378
020 _z9780730376385
040 _aCaPaEBR
_cCaPaEBR
035 _a(OCoLC)759992596
050 1 4 _aHG6024
_b.C53 2012eb
100 1 _aClarke, Jacqueline.
245 1 0 _aOptions made simple
_h[electronic resource] :
_ba beginner's guide to trading options for success /
_cJacqueline Clarke & Davin Clarke.
260 _aMilton, Qld, Australia :
_bWrightbooks,
_cc2012.
300 _avii, 244 p.
500 _aIncludes index.
533 _aElectronic reproduction.
_bPalo Alto, Calif. :
_cebrary,
_d2011.
_nAvailable via World Wide Web.
_nAccess may be limited to ebrary affiliated libraries.
650 0 _aOptions (Finance)
650 0 _aInvestments.
655 7 _aElectronic books.
_2local
700 1 _aClarke, Davin.
710 2 _aebrary, Inc.
856 4 0 _uhttp://site.ebrary.com/lib/rucke/Doc?id=10501380
_zAn electronic book accessible through the World Wide Web; click to view
999 _c242173
_d242173